000 00473nam a2200181Ia 4500
005 20250508163210.0
008 008 250505s9999 xx 000 0 hin d
037 _aTextual
040 _aFEDL
_beng
_cFEDL
041 _ahin
_2hin
084 _aB, GAN
_qFEDL
100 _aRahanand
_9774885
245 0 _aGandhi yug: Dasha-disha
260 _aBikaner, India
_bSurya Prakashan Mandir
300 _a72p
942 _cTEXL
_hB, GAN
999 _c1381462
_d1381462